Passing on.

Bibliographic Details
Main Author: Sudnow, David
Format: Book
Language:English
Published: Englewood Cliffs, N.J. : Prentice-Hall, [1967]
Subjects:

MARC

Tag First Indicator Second Indicator Subfields
LEADER 00000cam a2200000 4500
001 in00000233421
005 20151009094318.0
008 730525s1967 nju b 00000 eng
010 |a  67017730  
035 |a (OCoLC)00630797 
035 |9 ABA8065AM 
040 |a DLC  |c XAV  |d OCL  |d TXA  |d UtOrBLW 
049 |a TXAM  |c [482358] 
050 0 0 |a RA975  |b .S85 1967b 
082 0 |a 362.1 
100 1 |a Sudnow, David. 
245 1 0 |a Passing on. 
264 1 |a Englewood Cliffs, N.J. :  |b Prentice-Hall,  |c [1967] 
300 |a viii, 212 pages ;  |c 22 cm. 
336 |a text  |b txt  |2 rdacontent 
337 |a unmediated  |b n  |2 rdamedia 
338 |a volume  |b nc  |2 rdacarrier 
504 |a Bibliographical footnotes. 
650 0 |a Death. 
650 0 |a Hospitals  |x Administration. 
999 |a MARS 
999 f f |s 79620f0a-6e53-3dc5-a715-b420b63b14ea  |i 1a5bb401-3ba4-3389-ba9b-13130d6c9d7d  |t 0 
952 f f |p ric  |a Texas A&M University  |b Rellis Campus  |c Joint Library Facility  |d Remote Storage  |t 0  |e RA975 .S85 1967b  |h Library of Congress classification  |i unmediated -- volume  |m A14805079912 
998 f f |a RA975 .S85 1967b  |t 0  |l Remote Storage